One Direction Songs Quiz - Statistics

General Stats
  • This quiz has been taken 186 times
    148 since last reset
  • The average score is 59 of 91
Answer Stats
Album/EP Song % Correct
Up All Night What Makes You Beautiful
95%
Midnight Memories Midnight Memories
89%
Up All Night Up All Night
89%
Up All Night I Want
86%
Take Me Home Live While We're Young
85%
Midnight Memories Best Song Ever
84%
Take Me Home Little Things
84%
Up All Night One Thing
84%
Made In The A.M. History
81%
Take Me Home Kiss You
81%
Made In The A.M. Olivia
80%
Midnight Memories Diana
79%
FOUR (Deluxe) Night Changes
79%
Up All Night Gotta Be You
78%
Take Me Home Rock Me
78%
Midnight Memories You & I
78%
Made In The A.M. Drag Me Down
76%
Made In The A.M. Perfect
76%
FOUR (Deluxe) Steal My Girl
76%
Made In The A.M. A.M.
75%
Up All Night Moments
75%
Midnight Memories Story Of My Life
75%
Midnight Memories Little Black Dress
74%
Take Me Home I Would
73%
FOUR (Deluxe) 18
72%
Up All Night I Wish
72%
FOUR (Deluxe) Fool's Gold
71%
Single One Way or Another (Teenage Kicks)
71%
Made In The A.M. Wolves
71%
Midnight Memories Happily
68%
Made In The A.M. If I Could Fly
68%
FOUR (Deluxe) No Control
68%
Take Me Home Over Again
68%
Midnight Memories Little White Lies
67%
Midnight Memories Strong
67%
Up All Night Taken
67%
Made In The A.M. I Want to Write You a Song
66%
FOUR (Deluxe) Act My Age
65%
FOUR (Deluxe) Change Your Ticket
65%
Take Me Home C'mon, C'mon
65%
Up All Night Na Na Na
65%
FOUR (Deluxe) Stockholm Syndrome
65%
Up All Night Stole My Heart
65%
FOUR (Deluxe) Clouds
64%
FOUR (Deluxe) Fireproof
64%
Single Home
64%
Made In The A.M. Walking In The Wind
64%
FOUR (Deluxe) Girl Almighty
62%
Up All Night More Than This
62%
Take Me Home She's Not Afraid
62%
Take Me Home Summer Love
62%
Midnight Memories Don't Forget Where You Belong
61%
Midnight Memories Alive
60%
Midnight Memories Better Than Words
60%
Made In The A.M. Hey Angel
60%
Take Me Home Last First Kiss
60%
Take Me Home They Don't Know About Us
60%
FOUR (Deluxe) Where Do Broken Hearts Go?
60%
Made In The A.M. Infinity
59%
Made In The A.M. Love You Goodbye
59%
Up All Night Another World
58%
Made In The A.M. Long Way Down
58%
Midnight Memories Right Now
58%
Take Me Home Heart Attack
56%
FOUR (Deluxe) Illusion
56%
Made In The A.M. Never Enough
56%
FOUR (Deluxe) Ready To Run
56%
Midnight Memories Through The Dark
56%
Made In The A.M. End of the Day
55%
Take Me Home Magic
55%
Up All Night Save You Tonight
55%
FOUR (Deluxe) Spaces
55%
Up All Night Everything About You
54%
Up All Night Same Mistakes
54%
Up All Night Stand Up
54%
Up All Night Tell Me A Lie
54%
Take Me Home Change My Mind
53%
Made In The A.M. Temporary Fix
53%
Take Me Home Truly, Madly, Deeply
53%
Midnight Memories Half a Heart
52%
FOUR (Deluxe) Once In a Lifetime
52%
Midnight Memories Does He Know?
51%
Midnight Memories Something Great
49%
Made In The A.M. What a Feeling
49%
Take Me Home Back For You
48%
Take Me Home Loved You First
48%
Take Me Home Nobody Compares
47%
Take Me Home Still The One
47%
Up All Night I Should've Kissed You
42%
Midnight Memories Why Don't We Go There
40%
Take Me Home Irresistable
25%
No matching quizzes found
Score Distribution
Percent of People with Each Score
Percentile by Number Answered
Your Score History
You have not taken this quiz since the last reset